[Event "VII Obert Internacional Alberic"]
[Site "Alberic, Spain"]
[Date "2019.06.29"]
[Round "6.5"]
[White "Pedros Viudes, Santiago"]
[Black "Marin Corresa, Arturo"]
[Result "0-1"]
[WhiteElo "2047"]
[BlackElo "2050"]
[PlyCount "122"]
[EventDate "2019.??.??"]

1. d4 {[%clk 00:07:05]  [%emt 00:00:10]} 1... Nf6 {
[%clk 00:07:04]  [%emt 00:00:04]} 2. Nf3 {[%clk 00:07:06]} 2... e6 {
[%clk 00:07:04]} 3. Bf4 {[%clk 00:07:09]} 3... d5 {
[%clk 00:06:58]  [%emt 00:00:04]} 4. e3 {[%clk 00:07:10]  [%emt 00:00:17]} 4...
c5 {[%clk 00:06:58]} 5. Nc3 {[%clk 00:07:00]  [%emt 00:00:21]} 5... a6 {
[%clk 00:06:34]  [%emt 00:00:07]} 6. a3 {[%clk 00:06:42]  [%emt 00:00:21]} 6...
Nc6 {[%clk 00:06:29]  [%emt 00:00:10]} 7. Be2 {[%clk 00:06:10]  [%emt 00:00:33]
} 7... Bd7 {[%clk 00:06:13]  [%emt 00:00:54]} 8. Ne5 {[%clk 00:05:52]} 8... Rc8
{[%clk 00:06:00]  [%emt 00:00:06]} 9. O-O {[%clk 00:05:23]  [%emt 00:00:30]}
9... Be7 {[%clk 00:05:39]  [%emt 00:00:22]} 10. h3 {
[%clk 00:05:02]  [%emt 00:00:27]} 10... O-O {[%clk 00:05:38]  [%emt 00:00:05]}
11. Bf3 {[%clk 00:04:51]  [%emt 00:00:11]} 11... h6 {
[%clk 00:05:20]  [%emt 00:00:32]} 12. g4 {[%clk 00:04:12]  [%emt 00:00:45]}
12... Nh7 {[%clk 00:05:07]  [%emt 00:00:05]} 13. Bg2 {
[%clk 00:03:30]  [%emt 00:00:45]} 13... Nxe5 {[%clk 00:04:30]  [%emt 00:00:35]}
14. Bxe5 {[%clk 00:03:30]  [%emt 00:00:14]} 14... Bc6 {[%clk 00:04:28]} 15. Qe2
{[%clk 00:03:00]  [%emt 00:00:29]} 15... Re8 {[%clk 00:04:11]  [%emt 00:00:35]}
16. Rfd1 {[%clk 00:02:38]  [%emt 00:00:15]} 16... Nf8 {
[%clk 00:03:27]  [%emt 00:00:41]} 17. dxc5 {[%clk 00:02:08]  [%emt 00:00:34]}
17... Bxc5 {[%clk 00:03:24]  [%emt 00:00:17]} 18. Qd2 {
[%clk 00:01:52]  [%emt 00:00:10]} 18... Ng6 {[%clk 00:03:17]  [%emt 00:00:41]}
19. Bg3 {[%clk 00:01:46]} 19... Qf6 {[%clk 00:02:47]  [%emt 00:00:12]} 20. e4 {
[%clk 00:01:15]  [%emt 00:00:30]} 20... d4 {[%clk 00:02:35]  [%emt 00:00:14]}
21. Ne2 {[%clk 00:01:13]  [%emt 00:00:18]} 21... e5 {[%clk 00:02:37]} 22. Kh2 {
[%clk 00:00:56]  [%emt 00:00:19]} 22... Nh4 {[%clk 00:02:19]  [%emt 00:00:11]}
23. Bxh4 {[%clk 00:00:56]  [%emt 00:00:35]} 23... Qxh4 {[%clk 00:02:20]} 24.
Ng3 {[%clk 00:00:57]} 24... g6 {[%clk 00:02:16]} 25. b4 {
[%clk 00:00:34]  [%emt 00:00:15]} 25... Be7 {[%clk 00:02:02]  [%emt 00:00:10]}
26. Qe1 {[%clk 00:00:13]  [%emt 00:00:28]} 26... Bg5 {
[%clk 00:01:56]  [%emt 00:00:03]} 27. a4 {[%clk 00:00:14]  [%emt 00:00:03]}
27... Bf4 {[%clk 00:01:50]  [%emt 00:00:06]} 28. Rd3 {
[%clk 00:00:13]  [%emt 00:00:16]} 28... Kh7 {[%clk 00:01:34]  [%emt 00:00:07]}
29. Kg1 {[%clk 00:00:14]  [%emt 00:00:09]} 29... Qf6 {
[%clk 00:01:26]  [%emt 00:00:24]} 30. Ne2 {[%clk 00:00:14]} 30... Bg5 {
[%clk 00:01:10]  [%emt 00:00:05]} 31. Rf3 {[%clk 00:00:10]  [%emt 00:00:05]}
31... Qe7 {[%clk 00:01:12]  [%emt 00:00:33]} 32. Rb3 {[%clk 00:00:06]} 32... f5
{[%clk 00:00:59]  [%emt 00:00:03]} 33. gxf5 {[%clk 00:00:06]} 33... gxf5 {
[%clk 00:01:01]} 34. exf5 {[%clk 00:00:07]  [%emt 00:00:04]} 34... Bxg2 {
[%clk 00:01:02]} 35. Kxg2 {[%clk 00:00:10]} 35... Rg8 {[%clk 00:01:03]} 36. Ng3
{[%clk 00:00:12]} 36... Bf4 {[%clk 00:01:04]} 37. Qe4 {
[%clk 00:00:11]  [%emt 00:00:06]} 37... Qf6 {[%clk 00:01:02]  [%emt 00:00:04]}
38. Kh2 {[%clk 00:00:12]  [%emt 00:00:08]} 38... Rg5 {[%clk 00:00:57]} 39. b5 {
[%clk 00:00:12]  [%emt 00:00:03]} 39... a5 {[%clk 00:00:59]  [%emt 00:00:04]}
40. Qxb7+ {[%clk 00:00:12]  [%emt 00:00:04]} 40... Rg7 {[%clk 00:00:58]} 41.
Qxc8 {[%clk 00:00:14]  [%emt 00:00:04]} 41... e4 {
[%clk 00:00:57]  [%emt 00:00:03]} 42. Qe6 {[%clk 00:00:14]  [%emt 00:00:03]}
42... Qh4 {[%clk 00:00:57]} 43. f6 {[%clk 00:00:14]  [%emt 00:00:11]} 43... Rg8
{[%clk 00:00:47]  [%emt 00:00:07]} 44. Qxe4+ {[%clk 00:00:13]  [%emt 00:00:03]}
44... Kh8 {[%clk 00:00:49]} 45. Qe6 {[%clk 00:00:12]  [%emt 00:00:07]} 45...
Rf8 {[%clk 00:00:51]} 46. f7 {[%clk 00:00:13]  [%emt 00:00:03]} 46... Qg5 {
[%clk 00:00:39]  [%emt 00:00:12]} 47. Rf3 {[%clk 00:00:14]  [%emt 00:00:36]}
47... h5 {[%clk 00:00:37]} 48. Qf5 {[%clk 00:00:14]} 48... Qxf5 {
[%clk 00:00:38]} 49. h4 {[%clk 00:00:07]  [%emt 00:00:03]} 49... Rxf7 {
[%clk 00:00:36]} 50. Re1 {[%clk 00:00:05]} 50... Qg4 {[%clk 00:00:38]} 51. Rd3
{[%clk 00:00:04]  [%emt 00:00:03]} 51... Qxh4+ {[%clk 00:00:37]} 52. Kg2 {
[%clk 00:00:07]} 52... Qg5 {[%clk 00:00:34]  [%emt 00:00:05]} 53. Kh3 {
[%clk 00:00:05]  [%emt 00:00:06]} 53... Qg4+ {[%clk 00:00:35]  [%emt 00:00:03]}
54. Kg2 {[%clk 00:00:06]} 54... h4 {[%clk 00:00:37]  [%emt 00:00:06]} 55. Rh1 {
[%clk 00:00:09]} 55... Kg7 {[%clk 00:00:38]  [%emt 00:00:03]} 56. Kf1 {
[%clk 00:00:06]} 56... hxg3 {[%clk 00:00:39]  [%emt 00:00:08]} 57. Rg1 {
[%clk 00:00:09]} 57... Kf8 {[%clk 00:00:37]  [%emt 00:00:04]} 58. Rxd4 Qh3+ {
[%clk 00:00:34]  [%emt 00:00:08]} 59. Ke2 {[%clk 00:00:07]  [%emt 00:00:08]}
59... Re7+ {[%clk 00:00:33]  [%emt 00:00:03]} 60. Kd1 {[%clk 00:00:08]} 60...
Be5 {[%clk 00:00:29]  [%emt 00:00:06]} 61. Re4 {
[%clk 00:00:04]  [%emt 00:00:09]} 61... gxf2 {[%clk 00:00:28]} 0-1

[Event "VII Obert Internacional Alberic"]
[Site "Alberic, Spain"]
[Date "2019.06.29"]
[Round "6.6"]
[White "Diaz Velandia, Jose Manuel"]
[Black "Chofre Murcia, Adrian"]
[Result "1-0"]
[WhiteElo "2372"]
[BlackElo "1544"]
[PlyCount "93"]
[EventDate "2019.??.??"]

1. d4 {[%clk 00:07:05]  [%emt 00:00:03]} 1... Nf6 {[%clk 00:07:05]} 2. Nf3 {
[%clk 00:07:07]  [%emt 00:00:03]} 2... d5 {[%clk 00:07:07]} 3. e3 {
[%clk 00:07:09]  [%emt 00:00:07]} 3... Bg4 {[%clk 00:07:08]} 4. c4 {
[%clk 00:07:10]} 4... c6 {[%clk 00:07:08]  [%emt 00:00:03]} 5. Nc3 {
[%clk 00:07:12]} 5... e6 {[%clk 00:07:09]} 6. Qb3 {
[%clk 00:07:14]  [%emt 00:00:17]} 6... b6 {[%clk 00:07:10]  [%emt 00:00:04]} 7.
Ne5 {[%clk 00:07:15]} 7... Bf5 {[%clk 00:06:40]  [%emt 00:00:21]} 8. cxd5 {
[%clk 00:07:15]} 8... Nxd5 {[%clk 00:06:38]  [%emt 00:00:08]} 9. Nxd5 {
[%clk 00:07:07]  [%emt 00:00:07]} 9... Qxd5 {[%clk 00:06:38]  [%emt 00:00:07]}
10. Bd2 {[%clk 00:06:56]  [%emt 00:00:15]} 10... Qxb3 {
[%clk 00:06:33]  [%emt 00:00:07]} 11. axb3 {[%clk 00:06:57]  [%emt 00:00:04]}
11... Bd6 {[%clk 00:06:35]} 12. Nc4 {[%clk 00:06:54]  [%emt 00:00:04]} 12...
Bc7 {[%clk 00:06:28]  [%emt 00:00:08]} 13. Bb4 {
[%clk 00:06:55]  [%emt 00:00:08]} 13... Nd7 {[%clk 00:06:25]  [%emt 00:00:06]}
14. Bd6 {[%clk 00:06:53]} 14... Bxd6 {[%clk 00:06:15]  [%emt 00:00:10]} 15.
Nxd6+ {[%clk 00:06:55]  [%emt 00:00:13]} 15... Ke7 {[%clk 00:06:14]} 16. Nxf5+
{[%clk 00:06:56]} 16... exf5 {[%clk 00:06:16]} 17. Be2 {
[%clk 00:06:54]  [%emt 00:00:09]} 17... Rhe8 {[%clk 00:06:16]  [%emt 00:00:04]}
18. O-O {[%clk 00:06:44]  [%emt 00:00:06]} 18... a5 {
[%clk 00:06:17]  [%emt 00:00:14]} 19. Bf3 {[%clk 00:06:43]} 19... Rac8 {
[%clk 00:06:15]} 20. Rfd1 {[%clk 00:06:30]  [%emt 00:00:34]} 20... g5 {
[%clk 00:06:12]} 21. Rac1 {[%clk 00:06:26]  [%emt 00:00:05]} 21... c5 {
[%clk 00:06:10]} 22. d5 {[%clk 00:06:08]  [%emt 00:00:18]} 22... g4 {
[%clk 00:06:03]  [%emt 00:00:31]} 23. Be2 {[%clk 00:06:09]} 23... Nf6 {
[%clk 00:06:04]} 24. d6+ {[%clk 00:05:59]  [%emt 00:00:03]} 24... Kd7 {
[%clk 00:05:50]  [%emt 00:00:05]} 25. Bb5+ {[%clk 00:05:59]  [%emt 00:00:03]}
25... Rc6 {[%clk 00:05:46]  [%emt 00:00:07]} 26. b4 {
[%clk 00:05:55]  [%emt 00:00:11]} 26... axb4 {[%clk 00:05:43]  [%emt 00:00:07]}
27. Ra1 {[%clk 00:05:56]} 27... Rec8 {[%clk 00:05:29]  [%emt 00:00:16]} 28.
Ra7+ {[%clk 00:05:57]  [%emt 00:00:03]} 28... Ke6 {[%clk 00:05:30]} 29. d7 {
[%clk 00:05:21]  [%emt 00:01:01]} 29... Nxd7 {[%clk 00:05:32]  [%emt 00:00:03]}
30. Rdxd7 {[%clk 00:04:52]  [%emt 00:00:10]} 30... Rd6 {
[%clk 00:05:29]  [%emt 00:00:04]} 31. Bc4+ {[%clk 00:04:47]  [%emt 00:00:10]}
31... Ke5 {[%clk 00:05:25]  [%emt 00:00:11]} 32. Re7+ {[%clk 00:04:45]} 32...
Kf6 {[%clk 00:05:20]  [%emt 00:00:05]} 33. Rxf7+ {
[%clk 00:04:46]  [%emt 00:00:04]} 33... Kg5 {[%clk 00:05:22]  [%emt 00:00:06]}
34. Rg7+ {[%clk 00:04:47]} 34... Kf6 {[%clk 00:05:18]  [%emt 00:00:03]} 35.
Rgf7+ {[%clk 00:04:31]  [%emt 00:00:17]} 35... Kg6 {
[%clk 00:05:17]  [%emt 00:00:42]} 36. h4 {[%clk 00:04:19]  [%emt 00:00:07]}
36... gxh3 {[%clk 00:05:17]} 37. gxh3 {[%clk 00:04:18]} 37... Rd1+ {
[%clk 00:05:18]} 38. Kg2 {[%clk 00:04:14]} 38... Rg8 {[%clk 00:05:19]} 39. Rxh7
{[%clk 00:04:03]  [%emt 00:00:08]} 39... Kf6+ {[%clk 00:05:19]} 40. Bxg8 {
[%clk 00:04:03]  [%emt 00:00:06]} 40... f4 {[%clk 00:05:19]} 41. exf4 {
[%clk 00:04:03]  [%emt 00:00:09]} 41... Rd2 {[%clk 00:05:21]} 42. Raf7+ {
[%clk 00:03:54]  [%emt 00:00:11]} 42... Kg6 {[%clk 00:05:23]  [%emt 00:00:03]}
43. h4 {[%clk 00:03:48]  [%emt 00:00:03]} 43... Rd5 {
[%clk 00:05:12]  [%emt 00:00:14]} 44. Rfg7+ {[%clk 00:03:48]  [%emt 00:00:15]}
44... Kf6 {[%clk 00:05:14]} 45. Bxd5 {[%clk 00:03:49]  [%emt 00:00:04]} 45...
c4 {[%clk 00:05:16]} 46. Be4 {[%clk 00:03:49]} 46... c3 {[%clk 00:05:17]} 47.
Rg6# {[%clk 00:03:51]} 1-0

[Event "VII Obert Internacional Alberic"]
[Site "Alberic, Spain"]
[Date "2019.06.29"]
[Round "6.7"]
[White "Kovacevic, Slobodan"]
[Black "Rovira Agusti, Guillem"]
[Result "0-1"]
[WhiteElo "2243"]
[BlackElo "1867"]
[PlyCount "128"]
[EventDate "2019.??.??"]

1. d4 {[%clk 00:06:56]  [%emt 00:00:10]} 1... d5 {
[%clk 00:07:05]  [%emt 00:00:13]} 2. Bf4 {[%clk 00:06:51]} 2... Nf6 {
[%clk 00:07:05]  [%emt 00:00:03]} 3. e3 {[%clk 00:06:53]  [%emt 00:00:03]} 3...
e6 {[%clk 00:07:07]} 4. Nd2 {[%clk 00:06:55]} 4... Bd6 {
[%clk 00:07:09]  [%emt 00:00:04]} 5. Bg3 {[%clk 00:06:57]} 5... O-O {
[%clk 00:07:07]  [%emt 00:00:03]} 6. Bd3 {[%clk 00:06:59]} 6... c5 {
[%clk 00:07:09]  [%emt 00:00:03]} 7. c3 {[%clk 00:07:01]} 7... Qc7 {
[%clk 00:07:11]} 8. Ngf3 {[%clk 00:07:03]  [%emt 00:00:03]} 8... Nbd7 {
[%clk 00:07:12]  [%emt 00:00:11]} 9. Qe2 {[%clk 00:06:57]} 9... b6 {
[%clk 00:07:03]  [%emt 00:00:17]} 10. O-O {[%clk 00:06:54]  [%emt 00:00:09]}
10... Bxg3 {[%clk 00:07:04]} 11. hxg3 {[%clk 00:06:57]} 11... e5 {
[%clk 00:07:06]  [%emt 00:00:04]} 12. Bb5 {[%clk 00:06:44]  [%emt 00:00:05]}
12... e4 {[%clk 00:06:46]  [%emt 00:00:23]} 13. Nh2 {
[%clk 00:06:45]  [%emt 00:00:38]} 13... a6 {[%clk 00:06:28]} 14. Ba4 {
[%clk 00:06:40]} 14... b5 {[%clk 00:06:06]  [%emt 00:00:19]} 15. Bc2 {
[%clk 00:06:39]  [%emt 00:00:05]} 15... c4 {[%clk 00:05:52]  [%emt 00:00:22]}
16. Rfc1 {[%clk 00:06:32]  [%emt 00:00:05]} 16... Re8 {
[%clk 00:05:53]  [%emt 00:00:04]} 17. b3 {[%clk 00:06:32]  [%emt 00:00:03]}
17... Nb6 {[%clk 00:05:38]  [%emt 00:00:39]} 18. a4 {[%clk 00:06:19]} 18... Bd7
{[%clk 00:05:13]  [%emt 00:00:20]} 19. axb5 {[%clk 00:06:21]  [%emt 00:00:03]}
19... axb5 {[%clk 00:05:15]} 20. Qe1 {[%clk 00:06:14]  [%emt 00:00:10]} 20...
Qc6 {[%clk 00:04:59]  [%emt 00:00:16]} 21. b4 {[%clk 00:06:13]  [%emt 00:00:13]
} 21... Rxa1 {[%clk 00:04:57]} 22. Rxa1 {[%clk 00:06:15]  [%emt 00:00:04]}
22... Ra8 {[%clk 00:04:59]} 23. f3 {[%clk 00:06:05]  [%emt 00:00:06]} 23... Bf5
{[%clk 00:04:36]  [%emt 00:00:27]} 24. g4 {[%clk 00:05:56]  [%emt 00:00:20]}
24... Bg6 {[%clk 00:04:24]  [%emt 00:00:16]} 25. g5 {
[%clk 00:05:53]  [%emt 00:00:03]} 25... Ne8 {[%clk 00:04:10]  [%emt 00:00:10]}
26. f4 {[%clk 00:05:41]  [%emt 00:00:15]} 26... f5 {
[%clk 00:04:07]  [%emt 00:00:16]} 27. Nhf1 {[%clk 00:05:15]  [%emt 00:00:23]}
27... Bh5 {[%clk 00:03:53]  [%emt 00:00:14]} 28. Ng3 {
[%clk 00:05:14]  [%emt 00:00:11]} 28... Bg4 {[%clk 00:03:56]} 29. Ndf1 {
[%clk 00:05:09]  [%emt 00:00:03]} 29... Nd6 {[%clk 00:03:19]  [%emt 00:00:38]}
30. Nh2 {[%clk 00:05:09]  [%emt 00:00:32]} 30... h5 {
[%clk 00:02:56]  [%emt 00:00:05]} 31. gxh6 {[%clk 00:05:03]  [%emt 00:00:09]}
31... gxh6 {[%clk 00:02:56]  [%emt 00:00:07]} 32. Rxa8+ {
[%clk 00:04:48]  [%emt 00:00:35]} 32... Qxa8 {[%clk 00:02:56]} 33. Nxg4 {
[%clk 00:04:50]} 33... fxg4 {[%clk 00:02:57]  [%emt 00:00:09]} 34. Kh2 {
[%clk 00:04:35]} 34... Qd8 {[%clk 00:02:46]  [%emt 00:00:03]} 35. Nf1 {
[%clk 00:04:17]  [%emt 00:00:17]} 35... Nf5 {[%clk 00:02:44]  [%emt 00:00:31]}
36. g3 {[%clk 00:04:01]} 36... Qa8 {[%clk 00:02:37]  [%emt 00:00:07]} 37. Kg1 {
[%clk 00:03:51]  [%emt 00:00:09]} 37... Qa2 {[%clk 00:02:29]  [%emt 00:00:38]}
38. Bd1 {[%clk 00:03:50]  [%emt 00:00:03]} 38... h5 {[%clk 00:02:29]} 39. Qd2 {
[%clk 00:03:33]  [%emt 00:00:06]} 39... Qxd2 {[%clk 00:02:27]} 40. Nxd2 {
[%clk 00:03:36]} 40... Nxg3 {[%clk 00:02:29]} 41. Kf2 {
[%clk 00:03:27]  [%emt 00:00:09]} 41... Nf5 {[%clk 00:02:29]  [%emt 00:00:11]}
42. Nb1 {[%clk 00:03:22]  [%emt 00:00:04]} 42... Nc8 {
[%clk 00:02:19]  [%emt 00:00:33]} 43. Na3 {[%clk 00:03:23]  [%emt 00:00:03]}
43... Ncd6 {[%clk 00:02:21]} 44. Nc2 {[%clk 00:03:24]} 44... Kg7 {
[%clk 00:02:19]} 45. Be2 {[%clk 00:03:23]} 45... Kg6 {[%clk 00:02:20]} 46. Kg2
{[%clk 00:03:22]} 46... Ne7 {[%clk 00:02:18]  [%emt 00:00:14]} 47. Bd1 {
[%clk 00:03:19]} 47... Kf5 {[%clk 00:02:19]} 48. Kg3 {
[%clk 00:03:14]  [%emt 00:00:18]} 48... Ng6 {[%clk 00:02:21]} 49. Ne1 {
[%clk 00:03:12]} 49... Kf6 {[%clk 00:02:14]  [%emt 00:00:03]} 50. Ng2 {
[%clk 00:03:12]} 50... Nf5+ {[%clk 00:02:15]  [%emt 00:00:04]} 51. Kf2 {
[%clk 00:03:13]} 51... Ngh4 {[%clk 00:02:08]  [%emt 00:00:11]} 52. Ne1 {
[%clk 00:03:14]  [%emt 00:00:04]} 52... Nf3 {[%clk 00:02:02]  [%emt 00:00:11]}
53. Nc2 {[%clk 00:03:01]  [%emt 00:00:15]} 53... Kg6 {
[%clk 00:01:49]  [%emt 00:00:10]} 54. Na3 {[%clk 00:02:53]  [%emt 00:00:11]}
54... Nd6 {[%clk 00:01:51]} 55. Kg3 {[%clk 00:02:48]  [%emt 00:00:21]} 55...
Kf5 {[%clk 00:01:50]} 56. Nb1 {[%clk 00:02:42]  [%emt 00:00:04]} 56... h4+ {
[%clk 00:01:50]  [%emt 00:00:08]} 57. Kf2 {[%clk 00:02:36]  [%emt 00:00:03]}
57... g3+ {[%clk 00:01:51]  [%emt 00:00:09]} 58. Kg2 {[%clk 00:02:35]} 58...
Kg4 {[%clk 00:01:53]} 59. Nd2 {[%clk 00:02:35]  [%emt 00:00:04]} 59... h3+ {
[%clk 00:01:54]} 60. Kf1 {[%clk 00:02:24]  [%emt 00:00:30]} 60... g2+ {
[%clk 00:01:51]} 61. Ke2 {[%clk 00:02:18]  [%emt 00:00:19]} 61... g1=Q {
[%clk 00:01:41]  [%emt 00:00:03]} 62. Nxf3 {[%clk 00:01:55]  [%emt 00:00:13]}
62... exf3+ {[%clk 00:01:40]  [%emt 00:00:24]} 63. Kd2 {[%clk 00:01:57]} 63...
Ne4+ {[%clk 00:01:40]  [%emt 00:00:04]} 64. Kc2 {[%clk 00:01:57]} 64... h2 {
[%clk 00:01:35]} 0-1

[Event "VII Obert Internacional Alberic"]
[Site "Alberic, Spain"]
[Date "2019.06.29"]
[Round "6.8"]
[White "Minguez Piquer, Ximo"]
[Black "Martinez Tormo, Jorge"]
[Result "0-1"]
[WhiteElo "1780"]
[BlackElo "2119"]
[PlyCount "92"]
[EventDate "2019.??.??"]

1. e4 {[%clk 00:07:04]  [%emt 00:00:39]} 1... c5 {[%clk 00:07:05]} 2. Nc3 {
[%clk 00:07:05]} 2... Nc6 {[%clk 00:07:05]} 3. d3 {[%clk 00:07:06]} 3... g6 {
[%clk 00:06:57]  [%emt 00:00:04]} 4. g3 {[%clk 00:07:07]} 4... Bg7 {
[%clk 00:06:59]} 5. Bg2 {[%clk 00:07:08]} 5... e6 {[%clk 00:06:56]} 6. f4 {
[%clk 00:07:08]} 6... Nge7 {[%clk 00:06:54]  [%emt 00:00:06]} 7. Nf3 {
[%clk 00:07:04]  [%emt 00:00:15]} 7... d6 {[%clk 00:06:55]} 8. O-O {
[%clk 00:07:02]} 8... O-O {[%clk 00:06:53]  [%emt 00:00:04]} 9. Be3 {
[%clk 00:07:03]} 9... Nd4 {[%clk 00:06:55]} 10. Rb1 {
[%clk 00:06:55]  [%emt 00:00:05]} 10... Nec6 {[%clk 00:06:42]  [%emt 00:00:17]}
11. Ne2 {[%clk 00:06:57]  [%emt 00:00:10]} 11... e5 {
[%clk 00:06:00]  [%emt 00:00:36]} 12. fxe5 {[%clk 00:06:47]  [%emt 00:00:33]}
12... dxe5 {[%clk 00:05:56]  [%emt 00:00:15]} 13. Bd2 {
[%clk 00:06:03]  [%emt 00:00:19]} 13... Nxf3+ {[%clk 00:05:43]  [%emt 00:00:24]
} 14. Bxf3 {[%clk 00:05:59]  [%emt 00:00:04]} 14... Bh3 {
[%clk 00:05:42]  [%emt 00:00:04]} 15. Rf2 {[%clk 00:05:53]  [%emt 00:00:15]}
15... Qd7 {[%clk 00:05:41]} 16. Nc3 {[%clk 00:05:45]  [%emt 00:00:04]} 16...
Nd4 {[%clk 00:05:26]  [%emt 00:00:18]} 17. Bg2 {
[%clk 00:05:24]  [%emt 00:01:04]} 17... Bg4 {[%clk 00:05:22]} 18. Qc1 {
[%clk 00:05:10]  [%emt 00:00:04]} 18... Be6 {[%clk 00:03:41]  [%emt 00:01:34]}
19. Bh6 {[%clk 00:05:06]} 19... f5 {[%clk 00:03:29]  [%emt 00:00:18]} 20. Bxg7
{[%clk 00:04:57]  [%emt 00:00:08]} 20... Kxg7 {[%clk 00:03:26]  [%emt 00:00:05]
} 21. exf5 {[%clk 00:04:52]  [%emt 00:00:09]} 21... Bxf5 {
[%clk 00:03:14]  [%emt 00:00:22]} 22. Qg5 {[%clk 00:04:28]  [%emt 00:00:16]}
22... h6 {[%clk 00:03:02]  [%emt 00:00:16]} 23. Qe3 {
[%clk 00:04:28]  [%emt 00:00:12]} 23... Rae8 {[%clk 00:02:44]  [%emt 00:00:12]}
24. Rbf1 {[%clk 00:04:20]  [%emt 00:00:33]} 24... b6 {
[%clk 00:02:39]  [%emt 00:00:03]} 25. Ne4 {[%clk 00:03:57]  [%emt 00:00:08]}
25... Ne6 {[%clk 00:01:58]  [%emt 00:00:45]} 26. h3 {
[%clk 00:03:46]  [%emt 00:00:14]} 26... Qd4 {[%clk 00:01:24]  [%emt 00:00:47]}
27. Qxd4 {[%clk 00:03:38]  [%emt 00:00:08]} 27... Nxd4 {
[%clk 00:01:19]  [%emt 00:00:04]} 28. Nd6 {[%clk 00:03:12]  [%emt 00:00:49]}
28... Rd8 {[%clk 00:01:10]  [%emt 00:00:03]} 29. Ne4 {
[%clk 00:02:59]  [%emt 00:00:05]} 29... Be6 {[%clk 00:01:06]  [%emt 00:00:08]}
30. g4 {[%clk 00:02:41]  [%emt 00:00:55]} 30... Rxf2 {[%clk 00:01:05]} 31. Rxf2
{[%clk 00:02:44]} 31... Bxa2 {[%clk 00:00:59]} 32. b3 {[%clk 00:02:34]} 32...
Bb1 {[%clk 00:00:58]} 33. c3 {[%clk 00:02:15]  [%emt 00:00:14]} 33... Ne6 {
[%clk 00:01:00]} 34. Rf6 {[%clk 00:01:55]  [%emt 00:00:26]} 34... Nf4 {
[%clk 00:01:02]  [%emt 00:00:08]} 35. Rd6 {[%clk 00:01:37]  [%emt 00:00:12]}
35... Rxd6 {[%clk 00:00:48]  [%emt 00:00:47]} 36. Nxd6 {[%clk 00:01:39]} 36...
Bxd3 {[%clk 00:00:48]} 37. Nc8 {[%clk 00:01:38]  [%emt 00:00:03]} 37... Ne2+ {
[%clk 00:00:49]} 38. Kf2 {[%clk 00:01:39]} 38... Nxc3 {[%clk 00:00:51]} 39.
Nxa7 {[%clk 00:01:38]} 39... e4 {[%clk 00:00:49]} 40. Nc8 {
[%clk 00:01:35]  [%emt 00:00:04]} 40... Nd5 {[%clk 00:00:46]  [%emt 00:00:09]}
41. Nd6 {[%clk 00:01:29]} 41... e3+ {[%clk 00:00:44]  [%emt 00:00:07]} 42. Ke1
{[%clk 00:01:31]} 42... Nf4 {[%clk 00:00:44]} 43. Bf1 {
[%clk 00:01:11]  [%emt 00:00:22]} 43... e2 {[%clk 00:00:34]  [%emt 00:00:21]}
44. Bxe2 {[%clk 00:01:01]  [%emt 00:00:06]} 44... Bxe2 {
[%clk 00:00:35]  [%emt 00:00:06]} 45. Nc8 {[%clk 00:01:00]  [%emt 00:00:04]}
45... b5 {[%clk 00:00:36]} 46. Nd6 {[%clk 00:01:00]  [%emt 00:00:03]} 46... c4
{[%clk 00:00:36]  [%emt 00:00:08]} 0-1